Tonal values : how to see them,how to paint them

Bibliographic Details
Main Author: Gair, Angela
Format: Book
Published: Ohio : Quar to Publishing , 1987
Subjects:

MARC

LEADER 00000cam a2200000 7i4500
001 0000004823
002 000005199
005 20000330.0
020 |a 0891343997 
090 0 0 |a 750.18   |b GAI 
100 1 |a Gair, Angela 
245 1 0 |a Tonal values :   |b how to see them,how to paint them   |c Angela Gair 
260 |a Ohio :   |b Quar to Publishing ,   |c 1987 
300 |a 144p. :   |b ill. ;   |c 28cm. 
650 0 0 |a Painting   |x Technique 
999 |a 033478   |b BUKU   |c PINJAMAN   |e PERPUSTAKAAN KOMUNITI PETALING JAYA